Daňový bonus u zamestnancov

Základné podmienky a pravidlá uplatňovania daňového bonusu. Suma daňového bonusu. Priebežné uplatňovanie daňového bonusu. Postup uplatňovania daňového bonusu u zamestnávateľa. Potrebné doklady.

Gespeichert in:
Bibliographische Detailangaben
1. Verfasser: Mintál, Ján
Format: Buchkapitel
Sprache:Slowakisch
Schlagworte:
Tags: Tag hinzufügen
Keine Tags, Fügen Sie das erste Tag hinzu!

MARC

LEADER 00000naa a2200000 4500
001 0117333
005 20231120112924.7
041 0 |a slo 
044 |a SK 
245 1 0 |a Daňový bonus u zamestnancov  |c Ján Mintál 
520 |a Základné podmienky a pravidlá uplatňovania daňového bonusu. Suma daňového bonusu. Priebežné uplatňovanie daňového bonusu. Postup uplatňovania daňového bonusu u zamestnávateľa. Potrebné doklady. 
610 2 0 |a zvýhodnenie daňové 
610 2 0 |a zamestnávatelia 
610 2 0 |a zamestnanci 
100 1 |a Mintál, Ján